00603pam a2200181 a 4500020002000000040001600020041000800036082001700044100001600061245007200077250001100149260004600160300005000206365002300256500006500279504006000344700001700404 a0-07-Y85795-4c aNMHR_425001 aeng a621.381bTER aTerman, F E aElectronic and Radio Engineeringcby Frederick Emmons TermanhPaper a4th ed aNew DelhibMcGraw-Hill Book Companyc1988 a1078pb692 Figures, 11 Tablesc20.8 x 14.9 cm aRs.380ePaper Back aThis document contains back index from page no. 1057 to 1078 aThis document does not contain any kind of bibliography aKshisagar, A